[Event "Oberliga Ost A9899"]
[Site "GER"]
[Date "1999.??.??"]
[Round "?"]
[White "Brueggemann, Joachim"]
[Black "Poenisch, Egmont"]
[Result "1-0"]
[WhiteElo "2330"]
[BlackElo "2155"]

1.e4 d6 2.d4 g6 3.Nc3 Bg7 4.Nf3 Nd7 5.Be2 e5 6.O-O Ngf6 7.dxe5 dxe5 8.b3 O-O
9.a4 Re8 10.Ba3 a6 11.Qd2 b6 12.Rfd1 Bb7 13.Bc4 h6 14.Nh4 Nf8 15.f3 N6d7
16.Nxg6 Qf6 17.Nxf8 Nxf8 18.Nd5 Bxd5 19.Qxd5 b5 20.axb5 Red8 21.Qc6 axb5
22.Qxf6 Bxf6 23.Rxd8 Rxd8 24.Bxb5 Ne6 25.Bd3 Kg7 26.Kf2 h5 27.g3 h4 28.Bb4 Bg5
29.Ra5 f6 30.Rd5 hxg3+ 31.hxg3 Rh8 32.Rd7+ Kg6 33.Kg2 c5 34.Bc3 Rc8 35.Bc4 Nd4
36.Bxd4 cxd4 37.Kh3 Rh8+ 38.Kg4 Rh2 39.Be6 f5+ 40.exf5+ Kh6 41.Bg8  1-0

[Event "Oberliga Nord N9899"]
[Site "GER"]
[Date "1999.??.??"]
[Round "?"]
[White "Voigt, Martin"]
[Black "Rabeler, Gert"]
[Result "1-0"]
[WhiteElo "2275"]
[BlackElo "2355"]

1.e4 g6 2.d4 Bg7 3.Nc3 d6 4.f4 Nd7 5.Nf3 e5 6.fxe5 dxe5 7.Bg5 f6 8.Bh4 exd4
9.Qxd4 c6 10.O-O-O Qc7 11.Bc4 g5 12.Bg3 f5 13.e5 Nh6 14.h4 g4 15.Ng5 Nc5
16.Ne2 Ne6 17.Nxe6 Bxe6 18.Nf4 Bxc4 19.Qxc4 Nf7 20.Nh5  1-0

[Event "Oberliga Nord O9899"]
[Site "GER"]
[Date "1999.??.??"]
[Round "?"]
[White "Stark, Ingo"]
[Black "Volkmer, Andreas"]
[Result "1/2-1/2"]
[WhiteElo "2200"]
[BlackElo "2220"]

1.e4 g6 2.d4 Bg7 3.Nc3 d6 4.Nf3 Nf6 5.Be2 O-O 6.O-O Bg4 7.Bg5 Nc6 8.e5 dxe5
9.dxe5 Bxf3 10.Bxf3 Nxe5 11.Bxb7 Rb8 12.Bd5 Nxd5 13.Nxd5 f6 14.Bc1 Qd6 15.Ne3 f5
16.f4 Nf7 17.Kh1 Rfd8 18.Qe2 Qc5 19.Rb1 Nd6 20.b4 Qc6 21.c4 Ne4 22.Nd5 Re8
23.b5 Qd6 24.Qe3 c5 25.Bb2 e5 26.fxe5 Bxe5 27.Bxe5 Qxe5 28.Qf4 Kg7 29.Rbd1 Rbd8
30.Qxe5+ Rxe5 31.Kg1 Rde8 32.a4 Nf6 33.Nxf6 Kxf6 34.Rd6+ Kg5 35.h3 Re2 36.Rf2 Re1+
37.Kh2 Ra1 38.Ra6 Re7 39.Rc6 Rxa4 40.Rxc5 Ra1 41.g4 Ree1 42.gxf5 Rh1+ 43.Kg2 Rhg1+
44.Kf3 gxf5 45.Rg2+ Rxg2 46.Kxg2 Rc1 47.Kf2 Kf4 48.Ke2 Ke4 49.Kd2 Ra1 50.Rc7 Kd4
51.c5 Ra2+ 52.Kc1 Ra5  1/2-1/2

[Event "Oberliga Nord O9899"]
[Site "GER"]
[Date "1999.??.??"]
[Round "?"]
[White "Brustkern, Juergen"]
[Black "Gipslis, Aivars"]
[Result "1/2-1/2"]
[WhiteElo "2255"]
[BlackElo "2450"]

1.e4 g6 2.d4 Bg7 3.Nc3 d6 4.f4 a6 5.Nf3 b5 6.Be3 Nd7 7.e5 Bb7 8.Bd3 e6 9.Be4 Bxe4
10.Nxe4 d5 11.Nf2 h5 12.Nd3 Ne7 13.Qe2 Nf5 14.Bf2 Bf8 15.O-O-O Qc8 16.g3 c5
17.dxc5 Nxc5 18.Ng5 Na4 19.Kb1 Ba3 20.Qd2 Be7 21.h3 b4 22.Ka1 a5 23.g4 Ng7
24.Nf3 Qb7 25.Nd4  1/2-1/2

[Event "Oberliga Nord O9899"]
[Site "GER"]
[Date "1999.??.??"]
[Round "?"]
[White "Guth, Thomas"]
[Black "Schulz, Volker"]
[Result "1-0"]
[WhiteElo "2250"]
[BlackElo "2255"]

1.e4 g6 2.d4 Bg7 3.Nc3 d6 4.Nf3 Nf6 5.Be2 O-O 6.O-O Nbd7 7.h3 e5 8.dxe5 dxe5
9.Bc4 c6 10.a4 a5 11.Be3 Qe7 12.Qe2 Nc5 13.Bg5 Ne6 14.Bxe6 Bxe6 15.Nxe5 Qc5
16.Bxf6 Bxf6 17.Nd3 Qd4 18.e5 Bg7 19.Qe4 Qb6 20.Qh4 Rfd8 21.Rfe1 Rd4 22.Qg3 Bf5
23.Ne2 Rc4 24.c3 Rd8 25.Nd4 Bxd3 26.Qxd3 Qc5 27.Qg3 Re8 28.e6 f5 29.Qc7 Qe7
30.Qxa5 Bxd4 31.cxd4 Rxd4 32.Re5 Qd6 33.Rae1 Re7 34.b3 Kg7 35.Qc3 Qb4 36.Qg3 Qd6
37.Qg5 Rd5 38.Rxd5 cxd5 39.Qe3 Kf6 40.Qd4+ Kg5 41.h4+ Kh6 42.Qf6 d4 43.Re5 Rc7
44.g3 Qe7 45.Qxe7 Rxe7 46.Kf1 Kg7 47.Ke2 Kf8 48.Kd3 Rc7 49.e7+ Ke8 50.Kxd4 Rc2
51.f4  1-0

[Event "GER-ch 11th Seniors"]
[Site "Germany"]
[Date "1999.??.??"]
[Round "?"]
[White "Dahlhaus, Friedhelm"]
[Black "Nau, Guenter"]
[Result "1-0"]
[WhiteElo "2170"]
[BlackElo "1970"]

1.e4 g6 2.d4 Bg7 3.Nc3 d6 4.f4 Nf6 5.Nf3 O-O 6.Bd3 Na6 7.O-O c5 8.d5 Nc7
9.Qe1 e6 10.dxe6 Nxe6 11.f5 Nc7 12.Bg5 h6 13.fxg6 hxg5 14.gxf7+ Rxf7 15.Nxg5 Re7
16.Qg3 Re5 17.Rad1 Nh5 18.Bc4+ d5 19.Nxd5 Ne6 20.Nf6+ Qxf6 21.Rxf6 Bxf6 22.Rd8+ Bxd8
23.Qxe5  1-0

[Event "GER-ch 11th Seniors"]
[Site "Germany"]
[Date "1999.??.??"]
[Round "?"]
[White "Didzuhn, Werner"]
[Black "Thal, Olaf"]
[Result "0-1"]
[WhiteElo "1795"]
[BlackElo "2280"]

1.e4 g6 2.d4 Bg7 3.Nc3 d6 4.Be3 a6 5.Qd2 b5 6.f3 Bb7 7.h4 h5 8.Nh3 Nd7 9.Bd3 c5
10.dxc5 Nxc5 11.O-O-O Qc7 12.Kb1 b4 13.Ne2 Rb8 14.Bc4 Nf6 15.Ng5 O-O 16.Bb3 a5
17.Nf4 a4 18.Bxf7+ Rxf7 19.Nxg6 b3 20.cxb3 axb3 21.a3 Nfxe4 22.fxe4 Nxe4
23.Qd3 Nxg5 24.hxg5 Qc2+  0-1

[Event "GER-ch 11th Seniors"]
[Site "Germany"]
[Date "1999.??.??"]
[Round "?"]
[White "Erhart, Uwe"]
[Black "Zunker, Reinhard"]
[Result "1/2-1/2"]
[WhiteElo "2005"]
[BlackElo "2210"]

1.e4 d6 2.d4 g6 3.Nc3 Bg7 4.Be3 c6 5.Qd2 b5 6.a3 Nd7 7.Nf3 a6 8.Be2 Nb6 9.h3 Qc7
10.O-O Bb7 11.Rad1 h6 12.Bf4 e6 13.e5 d5 14.b4 Ne7 15.Nb1 O-O-O 16.c3 Rdg8
17.Qc2 Bf8 18.Bc1 Nd7 19.Bd3 g5 20.Nh2 Ng6 21.Bxg6 Rxg6 22.f4 gxf4 23.Bxf4 Rhg8
24.Rf2 Be7 25.Nf3 Bg5 26.Nxg5 hxg5 27.Bh2 Nf8 28.Rdf1 R8g7 29.Rf6  1/2-1/2

[Event "GER-ch 11th Seniors"]
[Site "Germany"]
[Date "1999.??.??"]
[Round "?"]
[White "Koepcke, Hans Peter"]
[Black "Thal, Olaf"]
[Result "0-1"]
[WhiteElo "2130"]
[BlackElo "2280"]

1.d4 d6 2.e4 g6 3.Nc3 Bg7 4.f4 Nf6 5.Nf3 O-O 6.Bd3 Nc6 7.a3 Bg4 8.Be3 e5
9.dxe5 dxe5 10.h3 exf4 11.Bxf4 Nh5 12.Bh2 Bxf3 13.Qxf3 Ne5 14.Bxe5 Bxe5 15.O-O c6
16.Ne2 Bxb2 17.Rab1 Bd4+ 18.Kh1 Bb6 19.g4 Ng7 20.Bc4 Qe7 21.e5 Qxe5 22.Bxf7+ Kh8
23.Qg2 Ne6 24.Bxe6 Qxe6 25.Nf4 Qc4 26.Rb4 Qf7 27.Rbb1 Rae8 28.Nd3 Qc4 29.Rxf8+ Rxf8
30.Re1 Qf7 31.Qe2 Bc7 32.Kg2 Qd5+ 33.Qe4 Qd6 34.Qe5+ Qxe5 35.Nxe5 Bxe5 36.Rxe5 Kg7
37.g5 Kf7 38.Re4 Rd8 39.Rh4 Kg8 40.Kf3 Rd5 41.Rb4 b5 42.c4 Rxg5 43.cxb5 cxb5
44.a4 Rf5+ 45.Ke3 bxa4 46.Rxa4 a5 47.Rc4 Kg7 48.Ke4 Kh6 49.Rc7 Rh5 50.Rc3 Rh4+
51.Ke5 a4 52.Kf6 Rf4+ 53.Ke5 Rb4 54.Kf6 Rb3 55.Rc4 Rf3+ 56.Ke5 a3 57.h4 Rh3
58.Ra4 a2 59.Rxa2 Rxh4 60.Kf6 Rf4+ 61.Ke5 Rf1 62.Ra7 g5 63.Rb7 Kg6 64.Rb6+ Kh5  0-1

[Event "GER-ch 11th Seniors"]
[Site "Germany"]
[Date "1999.??.??"]
[Round "?"]
[White "Reichenbach, Werner"]
[Black "Schulz, Wolfgang"]
[Result "1-0"]
[WhiteElo "2280"]
[BlackElo "2120"]

1.d4 d6 2.e4 g6 3.Nc3 Bg7 4.Be3 a6 5.Qd2 b5 6.h4 Bb7 7.f3 Nd7 8.h5 c5 9.Nge2 cxd4
10.Bxd4 Bh6 11.Be3 Bxe3 12.Qxe3 Qb6 13.Qxb6 Nxb6 14.hxg6 fxg6 15.Nf4 Kf7
16.a4 Nf6 17.axb5 axb5 18.Rxa8 Rxa8 19.Bxb5 Ra1+ 20.Nd1 g5 21.Ne2 e5 22.Bd3 Na4
23.O-O Nc5 24.Bc4+ d5 25.exd5 Bxd5 26.Ne3 Rxf1+ 27.Kxf1 Bxc4 28.Nxc4 e4 29.f4 g4
30.Kf2 Ke6 31.Ne3 h5 32.Kg3 Kd6 33.Kh4 Na4 34.b3 Nb6 35.Kg5 Nbd7 36.Ng3 Kc5
37.c3 Kd6 38.b4 Ke6 39.c4 Nb6 40.Nxh5 Nxc4 41.Nxc4 Nxh5 42.Kxh5 Kd5 43.Ne3+  1-0

[Event "GER-ch 11th Seniors"]
[Site "Germany"]
[Date "1999.??.??"]
[Round "?"]
[White "Schulz, Wolfgang"]
[Black "Lainburg, Victor"]
[Result "0-1"]
[WhiteElo "2120"]
[BlackElo "2280"]

1.e4 g6 2.d4 Bg7 3.Nc3 d6 4.Be3 a6 5.a4 Nc6 6.h3 e5 7.Nf3 exd4 8.Nxd4 Nxd4
9.Bxd4 Nf6 10.Be2 O-O 11.O-O Re8 12.Bf3 Bd7 13.Re1 Bc6 14.Nd5 Nxd5 15.Bxg7 Kxg7
16.exd5 Bd7 17.Rxe8 Bxe8 18.Qd4+ Qf6 19.Rd1 a5 20.Kf1 Ra6 21.b3 b5 22.Be2 Rb6
23.axb5 Bxb5 24.Qxf6+ Kxf6 25.Ra1 Bxe2+ 26.Kxe2 Rb5 27.c4 Rxb3 28.Rxa5 Rc3
29.Ra4 Ke5 30.Kd2 Kd4 31.c5+ Rc4 32.cxd6 cxd6 33.Ra7 Kxd5 34.Rxf7 Rh4 35.Ra7 Ke5
36.Ke3 Kf6 37.Ra6 Ke6 38.f4 Rh5 39.Ra7 Kf6 40.Kf3 Ke6 41.Kg4 Kd5 42.Kf3 Kd4
43.Ra4+ Kd3 44.Ra6 d5 45.Ra7 Kc4 46.Rd7 Kd4 47.Rd8 Rf5 48.h4 Rf7 49.Re8 Kd3
50.g4 d4 51.Re5 Rc7 52.h5 gxh5 53.Rxh5 Kc3 54.Ke4 Re7+ 55.Kd5 d3 56.Kd6 Re4
57.Rh3 Rxf4 58.Rg3 Kc2 59.Ke5 Rf8 60.Kd4  0-1

[Event "DDMM (Women)"]
[Site "Germany"]
[Date "1999.??.??"]
[Round "3.6"]
[White "Guettler, Sabine"]
[Black "Fromm, Karin"]
[Result "1/2-1/2"]
[WhiteElo "1635"]
[BlackElo "1705"]

1.e4 d6 2.d4 g6 3.Nc3 Bg7 4.Bc4 Nd7 5.Nf3 c5 6.Be3 h6 7.Qe2 b6 8.O-O-O Bb7
9.e5 dxe5 10.dxe5 e6 11.Bb5 Bc8 12.Ne4 Bf8 13.Qd3 a6 14.Bc6 Ra7 15.Nd6+ Bxd6
16.Qxd6 Ne7 17.Be4 Qc7 18.Qd2 g5 19.g4 Nc6 20.h4 Rg8 21.hxg5 hxg5 22.Bh7 Rg7
23.Bxg5 Ncxe5 24.Nxe5 Qxe5 25.f4 Qc7 26.Qc3 f6 27.Rxd7 Qxd7 28.Qxf6 Rxh7
29.Rxh7 Qxh7 30.Qd8+ Kf7 31.Qf6+ Kg8 32.Qd8+  1/2-1/2

[Event "Gyongyos op"]
[Site "Gyongyos"]
[Date "1999.??.??"]
[Round "2"]
[White "Paal, Attila"]
[Black "Parkanyi, Attila"]
[Result "0-1"]
[WhiteElo "2150"]
[BlackElo "2310"]

1.e4 g6 2.d4 Bg7 3.Nc3 d6 4.f4 a6 5.Nf3 b5 6.a3 Bb7 7.Bd3 Nd7 8.O-O c5 9.dxc5 Nxc5
10.Be3 Nf6 11.e5 Ng4 12.Bxc5 dxc5 13.e6 f5 14.Qe1 c4 15.Bxf5 gxf5 16.Qh4 O-O
17.h3 Qb6+ 18.Kh1 Rf6 19.Rae1 Raf8 20.Qg3 Rh6 21.Nh4 Ne3 22.Rxe3 Rxh4 23.Rfe1 Rh6
24.R1e2 Rg6  0-1

[Event "Hessen-ch int"]
[Site "Hessen"]
[Date "1999.??.??"]
[Round "8"]
[White "Seul, Georg"]
[Black "Falz, Roman"]
[Result "1-0"]
[WhiteElo "2445"]
[BlackElo "2075"]

1.e4 g6 2.d4 d6 3.Nc3 Bg7 4.Nf3 Nf6 5.Be2 O-O 6.O-O e5 7.Bg5 Nbd7 8.Qd2 c6
9.a4 Qa5 10.d5 cxd5 11.Nxd5 Qxd2 12.Nxd2 Nxd5 13.exd5 f6 14.Be3 f5 15.Nc4 f4
16.Bd2 Rf6 17.Bb4 Bf8 18.Nd2 Nc5 19.Bxc5 dxc5 20.Bf3 Bf5 21.c3 Bd6 22.Rfe1 Bd3
23.Be2 Bf5 24.Bf3 Bd3 25.Be4 Ba6 26.Bc2 Bc7 27.Bb3 Kg7 28.Ne4 Rb6 29.Nxc5 Bd6
30.a5 Rb5 31.Ne6+ Kf6 32.Bc4 Rxb2 33.Bxa6 bxa6 34.c4 Rc8 35.Rac1 Bc5 36.Nxc5 Rxc5
37.Re4 Rxa5 38.g3 g5 39.h4 h6 40.hxg5+ hxg5 41.d6 Rd2 42.c5 Raa2 43.c6 Kf5
44.c7 Kxe4 45.c8=Q Rxf2 46.Qc6+ Kf5 47.Qc8+ Ke4 48.Qa8+ Kf5 49.d7 f3 50.Qh8 Rg2+
51.Kh1 Rxg3 52.d8=Q Re2 53.Qd7+ Kf4 54.Qf6+ Ke3 55.Qxe5+ Kf2 56.Qdd4+  1-0

[Event "Hessen-ch int"]
[Site "Hessen"]
[Date "1999.??.??"]
[Round "8"]
[White "Schaffarczyk, Andre"]
[Black "Heck, Norbert"]
[Result "0-1"]
[WhiteElo "2105"]
[BlackElo "2355"]

1.e4 g6 2.d4 Bg7 3.Nc3 d6 4.Nf3 Nf6 5.Be2 O-O 6.O-O Bg4 7.h3 Bxf3 8.Bxf3 Nc6
9.Ne2 e5 10.c3 Re8 11.d5 Ne7 12.c4 Nd7 13.Nc3 f5 14.g3 Rf8 15.Bg2 Kh8 16.Rb1 Ng8
17.b4 Bh6 18.Qd3 Bxc1 19.Rbxc1 f4 20.g4 h5 21.Ne2 Nh6 22.f3 Nf7 23.c5 Nf6
24.cxd6 cxd6 25.Kh2 Qb6 26.Rc4 Kg7 27.a4 hxg4 28.fxg4 Rh8 29.Bf3 Ng5 30.Ng1 a5
31.bxa5 Rxa5 32.Kg2 Nd7 33.Rb1 Qa6 34.Be2 Nc5 35.Qc2 Qa7 36.Bd1 f3+ 37.Bxf3 Rf8
38.h4 Nxf3 39.Nxf3 Rf4 40.Kg3 b5 41.Rxb5 Rxb5 42.axb5 Qa3 43.Qe2 Qb3 44.g5 Qxb5
45.Nd2 Qb2 46.Qe3 Qa1 47.Nf3 Qh1 48.Qa3 Qf1 49.h5 gxh5 50.Qa7+ Rf7  0-1

[Event "Hessen-ch int"]
[Site "Hessen"]
[Date "1999.??.??"]
[Round "8"]
[White "Raach, Stephen"]
[Black "Carl, Werner"]
[Result "0-1"]
[WhiteElo "1715"]
[BlackElo "2175"]

1.e4 g6 2.d4 Bg7 3.Nc3 d6 4.Bc4 c6 5.h3 b5 6.Bb3 Qc7 7.Nf3 Bb7 8.O-O e6 9.Bf4 a6
10.e5 d5 11.a3 Ne7 12.Qd2 Nd7 13.Ne2 O-O 14.Bh6 Nf5 15.Bxg7 Kxg7 16.g4 Ne7
17.Ng3 h6 18.g5 h5 19.c3 Nb6 20.Rab1 Rh8 21.Qf4 Ng8 22.Bc2 c5 23.Rbc1 Nc4
24.Rb1 cxd4 25.Qxd4 Rc8 26.Rfe1 Qe7 27.h4 Qc7 28.Ne2 Ne7 29.Qf4 Nc6 30.Ned4 Nxd4
31.Nxd4 Qe7 32.Bd3 Rc7 33.Re2 Rhc8 34.Rc2 Nb6 35.Rbc1 Nd7 36.f3 Nc5 37.Bf1 Bc6
38.Kf2 Be8 39.Be2 Nd7 40.Bf1 Qc5 41.Kg2 Qe7 42.Kf2 Nb8 43.Bd3 Nc6 44.Kg2 Na7
45.Nb3 Nc6 46.Nd4 Nb8 47.Kg3 Nd7 48.Nb3 Nc5 49.Nxc5 Rxc5 50.Qd2 Qd7 51.f4 d4
52.cxd4 Qxd4 53.Rxc5 Rxc5 54.Rxc5 Qxc5 55.Qf2 Qd5 56.Be2 Qb3+ 57.Bf3 Bc6
58.Qe2 a5 59.Kg2 Bxf3+ 60.Qxf3 Qxb2+ 61.Kf1 b4 62.axb4 axb4 63.f5 Qb1+ 64.Ke2 Qxf5  0-1

[Event "HUN-chT9899"]
[Site "HUN"]
[Date "1999.??.??"]
[Round "?"]
[White "Galyas, Miklos"]
[Black "Vegh, Endre"]
[Result "1/2-1/2"]
[WhiteElo "2440"]
[BlackElo "2340"]

1.e4 g6 2.d4 Bg7 3.Nc3 d6 4.f4 Nf6 5.Nf3 c5 6.Bb5+ Bd7 7.e5 Ng4 8.Bxd7+ Qxd7
9.d5 dxe5 10.h3 e4 11.Nxe4 Nf6 12.Nxf6+ Bxf6 13.O-O O-O 14.Be3 Bxb2 15.Ne5 Qc7
16.Rb1 Bxe5 17.fxe5 Nd7 18.d6 exd6 19.exd6 Qc6 20.Bf4 Rfe8  1/2-1/2

[Event "HUN-chT29899"]
[Site "HUN"]
[Date "1999.??.??"]
[Round "?"]
[White "Lengyel, Laszlo"]
[Black "Nagy, Janos"]
[Result "1/2-1/2"]
[WhiteElo "2185"]
[BlackElo "2260"]

1.e4 g6 2.d4 Bg7 3.Nc3 d6 4.h3 c6 5.Nf3 b5 6.a3 a6 7.Bg5 h6 8.Be3 Nd7 9.Qd2 Bb7
10.Be2 c5 11.O-O cxd4 12.Bxd4 Ngf6 13.Rfe1 O-O 14.Bd3 e5 15.Be3 Kh7 16.Rad1 Rc8
17.Qe2 Nc5 18.Bxc5 Rxc5 19.Qe3 Qc7 20.Nd2 d5 21.exd5 Rxc3 22.bxc3 Nxd5 23.Qg3 Nxc3
24.Rc1 f5 25.f3 Qc5+ 26.Qf2 Qxa3 27.Nb1 Nxb1 28.Rxb1 e4 29.Be2 Qc3 30.Red1 e3
31.Qf1 Qxc2 32.Rbc1 Qa2 33.Rc7 Rf7 34.Rdd7 Rxd7 35.Rxd7 Bc6 36.Rc7 Bd5 37.Qc1 Qb3
38.Qa1 Bf7 39.Qc1 h5 40.Re7 Bd4 41.Qc7 Kg7 42.Rd7 Bf6 43.Kh2 h4 44.f4 Qa2
45.Qa7 Qe6 46.Bf3 Kg8 47.Bd5  1/2-1/2

[Event "HUN-chT29899"]
[Site "HUN"]
[Date "1999.??.??"]
[Round "?"]
[White "Haag, Ervin"]
[Black "Parkanyi, Attila"]
[Result "0-1"]
[WhiteElo "2335"]
[BlackElo "2390"]

1.e4 g6 2.d4 Bg7 3.Nc3 d6 4.Be3 Nf6 5.Nf3 O-O 6.Qd2 Nbd7 7.O-O-O c6 8.Bh6 b5
9.Bxg7 Kxg7 10.e5 Ne8 11.h4 h5 12.g4 hxg4 13.h5 Rh8 14.h6+ Kf8 15.Ng5 Nb6
16.e6 Bxe6 17.Nxe6+ fxe6 18.f3 Nf6 19.Ne4 Nxe4 20.fxe4 Ke8 21.Be2 Kd7 22.Bxg4 Nc4
23.Qg5 Qa5 24.Bxe6+ Kxe6 25.Qg4+ Kf7 26.Qd7 Rh7 27.Rdf1+ Kg8 28.Qe6+ Kh8
29.Rf7 Qd2+ 30.Kb1 Qxd4 31.c3 Qxe4+  0-1

[Event "HUN-chT29899"]
[Site "HUN"]
[Date "1999.??.??"]
[Round "?"]
[White "Barczay, Laszlo"]
[Black "Parkanyi, Attila"]
[Result "1-0"]
[WhiteElo "2405"]
[BlackElo "2390"]

1.e4 g6 2.d4 Bg7 3.Nc3 d6 4.Be3 Nf6 5.Qd2 O-O 6.h3 Nbd7 7.O-O-O e5 8.dxe5 Nxe5
9.f4 Nc6 10.g4 Re8 11.Bg2 Nd7 12.Nge2 Nb6 13.b3 Qe7 14.Nd4 d5 15.e5 Nxd4
16.Qxd4 c6 17.Qc5 Qe6 18.Kb1 f6 19.Qa5 Bd7 20.Bd4 fxe5 21.fxe5 Bxe5 22.Rhe1 Qd6
23.Rxe5 Rxe5 24.Bxb6 d4 25.Nd5 d3 26.Rxd3 Rae8 27.Bc7 Re1+ 28.Kb2 Qf8 29.Rf3 Qg7+
30.Nf6+ Kh8 31.Qc3 R8e7 32.Ba5  1-0

[Event "HUN-chT9899"]
[Site "HUN"]
[Date "1999.??.??"]
[Round "?"]
[White "Gyimesi, Zoltan"]
[Black "Poor, Istvan"]
[Result "1-0"]
[WhiteElo "2525"]
[BlackElo "2265"]

1.d4 g6 2.e4 Bg7 3.Nc3 d6 4.Be3 c6 5.Qd2 b5 6.f3 a5 7.g4 Ba6 8.h4 h5 9.g5 e6
10.Nge2 Ne7 11.Ng3 d5 12.O-O-O Nd7 13.Bf4 b4 14.Na4 Bb5 15.Nc5 Nxc5 16.dxc5 Bxf1
17.Nxf1 O-O 18.Bd6 d4 19.Ng3 Nc8 20.Bxf8 Qxf8 21.f4 e5 22.fxe5 Bxe5 23.Ne2 Qxc5
24.Nxd4 Nd6 25.Rhf1 a4 26.Qd3 b3 27.axb3 a3 28.c3 axb2+ 29.Kc2 Qa5 30.Nxc6 Qa2
31.Rb1 Bxc3 32.Qxc3 Nb5 33.Ne7+ Kf8 34.Nxg6+ Ke8 35.Qc6+  1-0

[Event "HUN-chT9899"]
[Site "HUN"]
[Date "1999.??.??"]
[Round "?"]
[White "Bokros, Albert"]
[Black "Mester, Gyula"]
[Result "0-1"]
[WhiteElo "2365"]
[BlackElo "2400"]

1.e4 g6 2.d4 Bg7 3.Nc3 d6 4.f4 Nf6 5.Nf3 O-O 6.Bd3 Na6 7.O-O c5 8.d5 Bg4
9.h3 Bxf3 10.Qxf3 Nb4 11.Qf2 Nxd3 12.cxd3 e6 13.dxe6 fxe6 14.Be3 b6 15.Rad1 Qe8
16.Qe1 Qc6 17.g4 Nd7 18.Qg3 Rf7 19.Rf2 Re8 20.Rdf1 d5 21.f5 d4 22.fxe6 Rxf2
23.Bxf2 dxc3 24.exd7 Qxd7 25.bxc3 Bxc3 26.Qf3 Rf8 27.Qd1 Qe6 28.Qc2 Be5 29.Be3 Rxf1+
30.Kxf1 Qf7+ 31.Kg2 Kg7 32.Qc4 Qd7 33.Kf3 h5 34.Qd5 hxg4+ 35.hxg4 Qxd5 36.exd5 Kf6
37.Ke4 Bd6 38.Bd2 b5 39.Bc3+ Ke7 40.Bd2 b4 41.Bc1 a5 42.a4 Bg3 43.Bb2 Be1
44.d6+ Kxd6 45.Be5+ Kc6  0-1

[Event "HUN-chT29899"]
[Site "HUN"]
[Date "1999.??.??"]
[Round "?"]
[White "Lazar, Janos"]
[Black "Nagy, Janos"]
[Result "1/2-1/2"]
[WhiteElo "2200"]
[BlackElo "2260"]

1.e4 d6 2.d4 g6 3.Nc3 Bg7 4.Be3 c6 5.Qd2 b5 6.Bd3 a5 7.f4 Nf6 8.Nf3 Ng4 9.Bg1 h5
10.h3 Nh6 11.Be3 d5 12.O-O b4 13.Ne2 dxe4 14.Bxe4 Nf5 15.a3 Nd6 16.Bd3 Na6
17.Ne5 bxa3 18.Rxa3 Nb4 19.Rfa1 O-O 20.c3 Nxd3 21.Qxd3 Ba6 22.Qd1 Bxe5 23.fxe5 Nc4
24.Bh6 Nxa3 25.Bxf8 Nc4 26.Bh6 Nxb2 27.Qc2 Rb8 28.Nf4 Kh7 29.Bg5 Nc4 30.Nxh5 Rb2
31.Qe4 Qd5 32.Ng3 Qxe4 33.Nxe4 Re2 34.Nc5 Bb5 35.Rf1 Kg8 36.Bxe7 a4 37.Nd7 a3
38.Bxa3 Nxa3 39.Ra1 Nc4 40.Nf6+ Kg7 41.Ra8 Ne3 42.g4 Nd5 43.Rg8+ Kh6 44.h4 Re1+
45.Kg2 Re2+ 46.Kf3 Re3+ 47.Kf2 Re2+ 48.Kf3 Re3+ 49.Kf2 Re2+  1/2-1/2

[Event "HUN-chT29899"]
[Site "HUN"]
[Date "1999.??.??"]
[Round "?"]
[White "Pinter, Gabor"]
[Black "Kadas, Gabor"]
[Result "0-1"]
[WhiteElo "2135"]
[BlackElo "2215"]

1.e4 g6 2.d4 d6 3.Nc3 Bg7 4.Bg5 h6 5.Be3 Nd7 6.Qd2 a6 7.O-O-O b5 8.f3 Bb7
9.g4 e6 10.Nce2 Ne7 11.Ng3 c5 12.c3 c4 13.Bg2 a5 14.N1e2 b4 15.h4 a4 16.cxb4 a3
17.Nc3 Qb6 18.bxa3 Rxa3 19.Qb2 Ra8 20.a4 d5 21.a5 Qd8 22.e5 Nc6 23.f4 Bf8
24.Na2 Nxa5 25.bxa5 Qxa5 26.Kb1 Bc6 27.Bd2 Qa4 28.Nc3 Qa7 29.Kc2 Ba4+ 30.Kc1 Bb3
31.Nb1 Rb8  0-1

[Event "HUN-chT29899"]
[Site "HUN"]
[Date "1999.??.??"]
[Round "?"]
[White "Plecsko, Zoltan"]
[Black "Konig, Balazs"]
[Result "1-0"]
[WhiteElo "2145"]
[BlackElo "2205"]

1.e4 g6 2.d4 Bg7 3.Nc3 d6 4.Nf3 Nf6 5.Bf4 Bg4 6.h3 Bxf3 7.Qxf3 c6 8.O-O-O O-O
9.g4 Nbd7 10.Qe3 Qa5 11.Bh6 b5 12.Bxg7 Kxg7 13.e5 Ne8 14.h4 b4 15.Nb1 dxe5
16.h5 Qd5 17.Rh3 e4 18.hxg6 fxg6 19.Qh6+ Kf6 20.Rh5 Qd6 21.Rf5+ Ke6 22.Bc4+  1-0

[Event "HUN-chT29899"]
[Site "HUN"]
[Date "1999.??.??"]
[Round "?"]
[White "Portisch, Gabor"]
[Black "Szobi, Geza Jr"]
[Result "1-0"]
[WhiteElo "2295"]
[BlackElo "2155"]

1.d4 g6 2.e4 Bg7 3.Nc3 d6 4.Be2 c6 5.Be3 Nd7 6.Qd2 b5 7.a3 a6 8.f4 Nb6 9.b3 Qc7
10.Rc1 Bb7 11.Nf3 Rd8 12.O-O Nf6 13.f5 gxf5 14.exf5 c5 15.Rcd1 Nbd5 16.Nxd5 Nxd5
17.Bh6 Bf6 18.c4 Nb6 19.d5 Ra8 20.Ng5 Bxg5 21.Qxg5 f6 22.Qe3 Kd8 23.Rf4 Qd7
24.Re4 Nc8 25.Re6 Rg8 26.Bf4 bxc4 27.bxc4 a5 28.Rb1 Ra7 29.Qh3 Rh8 30.Bd2 Qa4
31.Qc3 Qe8 32.Rb5 a4 33.Qb2 Ba6 34.Ba5+ Kd7 35.Bd1 Rg8 36.Rb7+ Rxb7 37.Bxa4+  1-0

[Event "HUN-chT29899"]
[Site "HUN"]
[Date "1999.??.??"]
[Round "?"]
[White "Simon, Nandor"]
[Black "Nagy, Janos"]
[Result "0-1"]
[WhiteElo "2100"]
[BlackElo "2255"]

1.e4 d6 2.d4 g6 3.Nc3 Bg7 4.f4 c6 5.Nf3 b5 6.a3 a6 7.Be3 Nh6 8.Qd2 d5 9.e5 Nf5
10.Bf2 h5 11.g3 a5 12.h3 Nd7 13.Rg1 Nb6 14.b3 e6 15.Nd1 a4 16.b4 Nc4 17.Bxc4 dxc4
18.g4 hxg4 19.hxg4 Ne7 20.Bh4 Bb7 21.Qe2 Rxh4 22.Nxh4 Qxd4 23.Qe3 Qxa1 24.Ke2 Nd5
25.Qd2  0-1

[Event "HUN-chT29899"]
[Site "HUN"]
[Date "1999.??.??"]
[Round "?"]
[White "Ferenczi, Csaba"]
[Black "Valis, Janos"]
[Result "1/2-1/2"]
[WhiteElo "2135"]
[BlackElo "2165"]

1.e4 g6 2.d4 Bg7 3.Nc3 d6 4.f4 Nf6 5.Nf3 O-O 6.h3 c5 7.Be3 cxd4 8.Nxd4 e5
9.fxe5 dxe5 10.Nf3 Qa5 11.Qd2 Nh5 12.O-O-O Ng3 13.Rg1 Be6 14.a3 Nc6 15.Bd3 Rfd8
16.Ng5 Nd4 17.Nxe6 fxe6 18.Kb1 Rac8 19.Bxd4 exd4 20.Ne2 Qxd2  1/2-1/2

[Event "Balaton op"]
[Site "Hungary"]
[Date "1999.??.??"]
[Round "1"]
[White "Letay, Gyula"]
[Black "Tompos, Jozsef"]
[Result "1-0"]
[WhiteElo "2220"]
[BlackElo "2010"]

1.e4 g6 2.d4 Bg7 3.Nc3 d6 4.Be3 Nf6 5.f3 b6 6.Qd2 Ba6 7.Bxa6 Nxa6 8.Nge2 c5
9.g4 cxd4 10.Nxd4 Nc5 11.h4 h5 12.g5 Nfd7 13.f4 a6 14.Rd1 b5 15.a3 Rc8 16.Nf3 Nb6
17.Bd4 O-O 18.Bxg7 Kxg7 19.Qd4+ Kg8 20.f5 Nc4 21.Nd5 Qd7 22.Nd2 Nxd2 23.Rxd2 Qb7
24.Rf1 Nd7 25.Nxe7+ Kh7 26.Nxc8 Qxc8 27.Qxd6 Nc5 28.fxg6+ fxg6 29.Rxf8  1-0

[Event "Jarvenpaa op"]
[Site "Jarvenpaa"]
[Date "1999.??.??"]
[Round "4"]
[White "Sepp, Olav"]
[Black "Kiik, Kalle"]
[Result "1-0"]
[WhiteElo "2397"]
[BlackElo "2439"]

1.e4 g6 2.d4 Bg7 3.Nc3 d6 4.Be3 c6 5.Qd2 b5 6.Bd3 Nd7 7.Nf3 a6 8.a4 Bb7 9.O-O b4
10.Ne2 a5 11.c3 bxc3 12.bxc3 Qc7 13.Rab1 Bc8 14.h3 Ngf6 15.Bh6 O-O 16.Ng3 Re8
17.Qg5 Nf8 18.Bxg7 Kxg7 19.e5 Ng8 20.Rfe1 Be6 21.Nh5+ Kh8 22.Nf4 Qd7 23.d5 Bxd5
24.Nxd5 cxd5 25.Bb5 Qc7 26.Bxe8 Rxe8 27.Qf4 Ne6 28.Qxf7 Ng7 29.Ng5 Qc6 30.exd6 Qxd6
31.Qxe8  1-0

[Event "EU-ch02 blind "]
[Site "Krynica"]
[Date "1999.??.??"]
[Round "3"]
[White "Rev, Miklos"]
[Black "Denes, Jozsef"]
[Result "1/2-1/2"]
[WhiteElo "2005"]
[BlackElo "1925"]

1.e4 d6 2.d4 g6 3.Nc3 Bg7 4.Nf3 c5 5.Bb5+ Bd7 6.Bxd7+ Nxd7 7.O-O cxd4 8.Nxd4 Ngf6
9.Be3 O-O 10.h3 Nc5 11.Qf3 a6 12.Nb3 Nxb3 13.axb3 Qc7 14.Bd4 e5 15.Be3 Qc6
16.Rad1 Rad8 17.Rd2 Rd7 18.Rfd1 Rfd8 19.Nd5 Nxd5  1/2-1/2

[Event "EU-ch02 blind "]
[Site "Krynica"]
[Date "1999.??.??"]
[Round "4"]
[White "Holestak, Jan"]
[Black "Altinok, Kerim Osman"]
[Result "1/2-1/2"]
[WhiteElo "1930"]
[BlackElo "1850"]

1.e4 g6 2.d4 d6 3.Nc3 Bg7 4.f4 Nf6 5.Nf3 O-O 6.Bd3 c5 7.d5 e6 8.O-O exd5
9.exd5 a6 10.a4 b6 11.f5 Bb7 12.fxg6 hxg6 13.Bg5 Nbd7 14.Qd2 Re8 15.Rf2 Qc7
16.Nh4 Ng4 17.Rff1 Nge5 18.Rae1 c4 19.Be4 b5 20.axb5 axb5 21.Nd1 Nc5  1/2-1/2

[Event "EU-ch02 blind "]
[Site "Krynica"]
[Date "1999.??.??"]
[Round "8"]
[White "Gerold, Arnold"]
[Black "Altinok, Kerim Osman"]
[Result "1/2-1/2"]
[WhiteElo "1880"]
[BlackElo "1850"]

1.e4 g6 2.d4 d6 3.Nc3 Bg7 4.Be3 Nf6 5.f3 O-O 6.Qd2 e5 7.d5 c6 8.dxc6 Nxc6
9.O-O-O Be6 10.Qxd6 Qc8 11.Qa3 Rd8 12.Rxd8+ Qxd8 13.Bd3 a6 14.Nge2 b5 15.Qc5 Qd7
16.Rd1 Bf8 17.Qb6 Qc8 18.Bg5 Nd7 19.Qf2 Bc5 20.Qh4 Nb6 21.Nd5 Bxd5 22.exd5 Nb4
23.Nc3 Bd4 24.Bh6 Bxc3 25.Qf6 e4 26.bxc3 Qxc3 27.Qxc3 Nxa2+ 28.Kb2 Nxc3 29.Kxc3 exd3
30.Rxd3 Rd8 31.d6 a5 32.Kb3 f5 33.Bg5 Rd7 34.Be7 Nc8 35.Rd5 Nxe7 36.dxe7 Rxe7
37.Rxb5 Ra7 38.Ka4 Rc7 39.Kb3 a4+ 40.Kb2 a3+ 41.Kb3 Ra7 42.Ka2 Rc7 43.Kxa3 Rxc2
44.Rb2 Rc7 45.Re2 Kf7 46.Kb4 Kf6 47.f4 h6 48.g3 g5 49.Rf2 Rc8 50.Kb5 Kg6
51.Kb4 Kf6 52.Kb5 Kg6 53.Kb4  1/2-1/2